Obscure Geography 5 - Statistics

General Stats
  • This quiz has been taken 78 times
    17 since last reset
  • The average score is 9 of 26
Answer Stats
Hint Answer % Correct
What are the ABC islands of the Carribean? Aruba
85%
Curaçao
77%
What are the seven "mega deltas" of Asia? Ganges-Brahmaputra
77%
What river delta is the above found in? Ganges Delta
77%
Indus
77%
Mekong
77%
Bonaire
69%
Yangtze
69%
Niger
46%
Pearl
46%
What is the deepest lake in North America Great Slave Lake
38%
What Indian state was an independent country from 1642-1975? Sikkim
38%
What island switches between Spain and France every 6 months? Pheasant Island
23%
Unalaska
23%
What two African rivers have prominent inland deltas? Okavango
15%
Irrawaddy
8%
What Spanish town is completely surrounded by France? Llívia
8%
Red
8%
What was the proposed explanation for a mysterious pillar of smoke occasionally seen near Tallahassee, Fl during the 1800's? Wakulla Volcano
8%
Where was the 1886 earthquake that ended sightings of the above? Charleston Earthquake
0%
What is the largest man-made reef in the world, as well as a cremation memorial site? Neptune Memorial Reef
0%
What island in the Hawaiian island chain is privately owned and off-limits to outsiders? Ni'ihau
0%
What is the largest mangrove forest in the world? Sundarbans
0%
Umnak
0%
What are the three largest islands in the American Aleutian Islands? Unimak
0%
What is the only natural hot spring in Florida that is open for swimming? Warm Mineral Springs
0%
No matching quizzes found
Score Distribution
Percent of People with Each Score
Percentile by Number Answered
Your Score History
You have not taken this quiz since the last reset